书目信息 |
| 题名: |
科学时代
|
|
| 作者: | 皮尔 著 ;潘笃武 译 | |
| 分册: | ||
| 出版信息: | 上海 复旦大学出版社 2004 |
|
| 页数: | 436页 | |
| 开本: | 22cm | |
| 丛书名: | ||
| 单 册: | ||
| 中图分类: | G302 | |
| 科图分类: | ||
| 主题词: | 科学知识--普及读物 , 知识学--理论 | |
| 电子资源: | ||
| ISBN: | 7-309-04252-2 | |
| 000 | 01196nam0 2200301 45 | |
| 001 | 0900000036482 | |
| 005 | 20051226155232.46 | |
| 010 | @a7-309-04252-2@b精装@dCNY30.00 | |
| 092 | @aCN | |
| 100 | @a20050708d2004 ekmy0chiy0120 ea | |
| 101 | 1 | @achi@ceng |
| 102 | @aCN@b310000 | |
| 105 | @aa z 000yy | |
| 200 | 1 | @a科学时代@9ke xue shi dai@e20世纪科学家的探索与成就@d= The Age of Science@eWhat Scientists Learned in the 20th Century@f(美)杰拉德·皮尔著@F(mei)jie la de·pi er zhu@g潘笃武译@zeng |
| 210 | @a上海@c复旦大学出版社@d2004 | |
| 215 | @a436页@c图@d22cm | |
| 306 | @a本书由Basic Books出版社授权出版 | |
| 330 | @a本书全面总结了20世纪中人类在探索宇宙和物质的产生与演化,研究地球上生物和人类的出现与进化,以及人类的过去和未来,讨论了人类文明的起源和当前的人口问题。 | |
| 510 | 1 | @aThe Age of Science@eWhat Scientists Learned in the 20th Century@zeng |
| 517 | 1 | @a20世纪科学家的探索与成就@920 shi ji ke xue jia de tan suo yu cheng jiu |
| 606 | 0 | @a科学知识@j普及读物 |
| 606 | 0 | @a知识学@x理论 |
| 690 | @aG302@v4 | |
| 701 | 0 | @a皮尔@Api er@4著 |
| 702 | 0 | @a潘笃武@9pan du wu@4译 |
| 801 | 0 | @aCN@bCXYBOOK@c20051226 |
| 905 | @a10447@dG302@e113 | |
| 999 | @aHSJ@eJDD | |
| 科学时代:20世纪科学家的探索与成就= The Age of Science:What Scientists Learned in the 20th Century/(美)杰拉德·皮尔著/潘笃武译.-上海:复旦大学出版社,2004 |
| 436页:图;22cm |
| ISBN 7-309-04252-2(精装):CNY30.00 |
| 本书全面总结了20世纪中人类在探索宇宙和物质的产生与演化,研究地球上生物和人类的出现与进化,以及人类的过去和未来,讨论了人类文明的起源和当前的人口问题。 |
| ● |
| 相关链接 |
|
|
|
|
正题名:科学时代
索取号:G302/113
 
预约/预借
| 序号 | 登录号 | 条形码 | 馆藏地/架位号 | 状态 | 备注 |
| 1 | 0372662 | 203726628 | 第一样本阅览室/ [索取号:G302/113] | 在馆 | |
| 2 | 0372663 | 203726637 | 密集书库/ [索取号:G302/113] | 在馆 | |
| 3 | 0372664 | 203726646 | 第四借阅区/ [索取号:G302/113] | 在馆 | |
| 4 | 0372665 | 203726655 | 第四借阅区/ [索取号:G302/113] | 在馆 | |
| 5 | 0372666 | 203726664 | 密集书库/ [索取号:G302/113] | 在馆 |